Building and managing high performance distributed teams (Record no. 222066)
[ view plain ]
| 000 -LEADER | |
|---|---|
| fixed length control field | 02007nam a22002057a 4500 |
| 005 - DATE AND TIME OF LATEST TRANSACTION | |
| control field | 20220330101234.0 |
| 008 - FIXED-LENGTH DATA ELEMENTS--GENERAL INFORMATION | |
| fixed length control field | 220328b ||||| |||| 00| 0 eng d |
| 020 ## - INTERNATIONAL STANDARD BOOK NUMBER | |
| International Standard Book Number | 9781484277386 |
| 040 ## - CATALOGING SOURCE | |
| Transcribing agency | AL |
| 041 ## - LANGUAGE CODE | |
| Language code of text/sound track or separate title | eng |
| 082 ## - DEWEY DECIMAL CLASSIFICATION NUMBER | |
| Edition number | 23 |
| Classification number | 658.4022 |
| Item number | SILB |
| 100 ## - MAIN ENTRY--PERSONAL NAME | |
| Personal name | Alberto S Silveira |
| 9 (RLIN) | 26365 |
| 245 ## - TITLE STATEMENT | |
| Title | Building and managing high performance distributed teams |
| Remainder of title | Navigating the future of works |
| 260 ## - PUBLICATION, DISTRIBUTION, ETC. | |
| Place of publication, distribution, etc. | New York |
| Name of publisher, distributor, etc. | Apress Media |
| Date of publication, distribution, etc. | 2021 |
| 300 ## - PHYSICAL DESCRIPTION | |
| Extent | xvii,208p. |
| Other physical details | PB |
| Dimensions | 23.3x15.5cm. |
| 365 ## - TRADE PRICE | |
| Source of price type code | General |
| Price type code | 6471 |
| Price amount | ₹639.20 |
| Currency code | ₹ |
| Unit of pricing | ₹799.00 |
| Price note | 20% |
| Price effective from | 12-03-2022 |
| 520 ## - SUMMARY, ETC. | |
| Summary, etc. | The age of the distributed team is upon us. Teams can now operate and collaborate from locations other than a central office, and events surrounding the 2020 COVID pandemic have thrown its practicality into sharp relief. Managing a team whose members are distributed across several locations requires a different mindset and will remain a must-have for all areas of business from this point forward.<br/>Building and Managing High-Performance Distributed Teams explains what the distributed teams concept means to the future of your company. Author Alberto S. Silveira, Jr., leverages his industry knowledge to explore why the high-performance distributed team model is vital to the future of business, and he explains how to build and maintain one through times of change. You will learn to differentiate between distributed teams, remote work, offshoring, and what each means in a modern context. Silveira also weaves in stories from his other life as a boater and sailor, using analogies and lessons gained from humankind's thousands of years of maritime adventure to illustrate the value of well-managed teams, and to also convey the importance of life-work balance in today's working world.<br/>Whether you are a department head, a business owner, or a team leader, this book presents the no-nonsense knowledge you need now to chart your course for success. |
| 650 ## - SUBJECT ADDED ENTRY--TOPICAL TERM | |
| Source of heading or term | Management |
| Topical term or geographic name entry element | Business Management |
| 9 (RLIN) | 26366 |
| 942 ## - ADDED ENTRY ELEMENTS (KOHA) | |
| Source of classification or shelving scheme | Dewey Decimal Classification |
| Koha item type | Book |
| Withdrawn status | Lost status | Source of classification or shelving scheme | Damaged status | Not for loan | Collection code | Home library | Current library | Date acquired | Source of acquisition | Cost, normal purchase price | Total Checkouts | Full call number | Barcode | Date last seen | Cost, replacement price | Price effective from | Koha item type |
|---|---|---|---|---|---|---|---|---|---|---|---|---|---|---|---|---|---|
| Dewey Decimal Classification | MCom Finance & Analytics | St Aloysius PG Library | St Aloysius PG Library | 03/14/2022 | Biblios Book Point | 639.20 | 658.4022 SILB | PG023897 | 08/24/2022 | 799.00 | 03/28/2022 | Book |